[Event "Heusenstamm Sparkassen op-B 6th"]
[Site "Heusenstamm"]
[Date "2019.11.23"]
[Round "5"]
[White "Schwenk, Stefan"]
[Black "Spinnler, Wolfgang"]
[Result "1-0"]
[WhiteElo "1723"]
[BlackElo "1541"]
[PlyCount "71"]
[EventDate "2019.11.21"]
[EventType "swiss"]
[EventRounds "7"]
[EventCountry "GER"]
[SourceTitle "CBM 194 Extra"]
[Source "ChessBase"]
[SourceDate "2020.03.31"]
[SourceVersion "1"]
[SourceVersionDate "2020.03.31"]
[SourceQuality "1"]

1. c4 c5 2. g3 g6 3. Bg2 Bg7 4. Nc3 Nf6 5. e3 0-0 6. Nge2 Nc6 7. a3 Qc7 8. 0-0 a6 9. Rb1 b6 10. b4 cxb4 11. axb4 Bb7 12. d3 Na7 13. e4 d6 14. Bb2 Nd7 15. Nf4 e6 16. Qe2 b5 17. Rfc1 bxc4 18. dxc4 Nc6 19. b5 Nd4 20. Qd1 Nc5 21. Ba1 Bh6 22. Qxd4 e5 23. Ncd5 Bxd5 24. Qxd5 exf4 25. b6 Qe7 26. Re1 fxg3 27. hxg3 Bg7 28. e5 Rfd8 29. exd6 Qd7 30. Qxc5 Rac8 31. Qb4 Bxa1 32. Rxa1 Qg4 33. Re4 Qh5 34. Qa3 f5 35. Re7 f4 36. Bd5+ 1-0

[Event "Heusenstamm Sparkassen op-B 6th"]
[Site "Heusenstamm"]
[Date "2019.11.22"]
[Round "2"]
[White "Spinnler, Wolfgang"]
[Black "Plaumann, Arvin"]
[Result "1/2-1/2"]
[WhiteElo "1541"]
[BlackElo "1691"]
[PlyCount "118"]
[EventDate "2019.11.21"]
[EventType "swiss"]
[EventRounds "7"]
[EventCountry "GER"]
[SourceTitle "CBM 194 Extra"]
[Source "ChessBase"]
[SourceDate "2020.03.31"]
[SourceVersion "1"]
[SourceVersionDate "2020.03.31"]
[SourceQuality "1"]

1. Nf3 Nf6 2. c4 d6 3. b3 Nc6 4. Bb2 Bf5 5. d3 e5 6. g3 Qd7 7. Bg2 Be7 8. Nbd2 0-0-0 9. Ng5 Rdf8 10. e4 h6 11. Nxf7 Rxf7 12. exf5 Qxf5 13. Qf3 Qxf3 14. Bxf3 Nb4 15. Ke2 Nd7 16. a3 Nc2 17. Rac1 Nd4+ 18. Bxd4 exd4 19. Bd5 Rff8 20. Rce1 c6 21. Be6 Rf6 22. Bxd7+ Kxd7 23. f4 Rhf8 24. Kd1 g5 25. fxg5 hxg5 26. Ref1 Rxf1+ 27. Rxf1 Rxf1+ 28. Nxf1 d5 29. a4 dxc4 30. bxc4 a6 31. g4 b5 32. axb5 axb5 33. cxb5 cxb5 34. Kc2 Kd6 35. Nd2 Ke5 36. Nf3+ Kf4 37. Nxd4 b4 38. Kb3 Kxg4 39. Nc6 Bd6 40. Nxb4 Kh3 41. Na2 Kxh2 42. Nc1 Kg2 43. Kc2 Kf2 44. Kd1 g4 45. Ne2 Bb4 46. d4 Ba5 47. d5 Bb4 48. Nf4 g3 49. Nh3+ Kf3 50. Ng1+ Ke3 51. Nh3 g2 52. Ng1 Kf2 53. Nh3+ Kg3 54. Ng1 Bc5 55. Ne2+ Kf2 56. Kd2 Bb4+ 57. Kd3 Ba5 58. d6 Bb4 59. Nf4 g1N 1/2-1/2

[Event "Heusenstamm Sparkassen op-B 6th"]
[Site "Heusenstamm"]
[Date "2019.11.21"]
[Round "1"]
[White "Kehrein, Lothar"]
[Black "Spinnler, Wolfgang"]
[Result "0-1"]
[WhiteElo "981"]
[BlackElo "1541"]
[PlyCount "54"]
[EventDate "2019.11.21"]
[EventType "swiss"]
[EventRounds "7"]
[EventCountry "GER"]
[SourceTitle "CBM 194 Extra"]
[Source "ChessBase"]
[SourceDate "2020.03.31"]
[SourceVersion "1"]
[SourceVersionDate "2020.03.31"]
[SourceQuality "1"]

1. e4 c5 2. Nc3 b6 3. Bc4 Bb7 4. Nge2 g6 5. 0-0 Bg7 6. d3 d6 7. Be3 Nf6 8. a3 0-0 9. Qd2 Nbd7 10. f4 Ng4 11. f5 Nxe3 12. Qxe3 Ne5 13. fxg6 Nxg6 14. Nf4 Bd4 15. Qxd4 cxd4 16. Nce2 e6 17. Nxg6 hxg6 18. Rf3 d5 19. exd5 Bxd5 20. Bxd5 Qxd5 21. Raf1 Rac8 22. c3 dxc3 23. Nxc3 Qd4+ 24. Kh1 Rc5 25. Ne4 Rf5 26. Ng3 Rxf3 27. Rxf3 Rc8 0-1

[Event "Hofheim Spring op-B 6th"]
[Site "Hofheim"]
[Date "2018.04.06"]
[Round "6"]
[White "Wachsmann, Elmar"]
[Black "Spinnler, Wolfgang"]
[Result "1/2-1/2"]
[WhiteElo "1618"]
[BlackElo "1586"]
[PlyCount "46"]
[EventDate "2018.04.03"]
[EventType "swiss"]
[EventRounds "9"]
[EventCountry "GER"]
[SourceTitle "EXT 2020"]
[Source "ChessBase"]
[SourceDate "2019.10.17"]
[SourceVersion "1"]
[SourceVersionDate "2019.10.17"]
[SourceQuality "1"]

1. Nf3 c5 2. e3 Nf6 3. d4 b6 4. Be2 Bb7 5. 0-0 g6 6. b3 Bg7 7. Bb2 d6 8. Nbd2 0-0 9. c4 Ne4 10. Qc2 Nxd2 11. Nxd2 cxd4 12. exd4 Nd7 13. Rfe1 Rc8 14. Bf3 Bxf3 15. Nxf3 b5 16. Rac1 bxc4 17. bxc4 Qa5 18. Rxe7 Nb6 19. Qe2 Qxa2 20. Ra1 Qxc4 21. Raxa7 Qxe2 22. Rxe2 Nc4 23. g3 Bh6 1/2-1/2

[Event "Hofheim Spring op-B 6th"]
[Site "Hofheim"]
[Date "2018.04.05"]
[Round "5"]
[White "Spinnler, Wolfgang"]
[Black "Bastian, Ben"]
[Result "1-0"]
[WhiteElo "1586"]
[BlackElo "1602"]
[PlyCount "91"]
[EventDate "2018.04.03"]
[EventType "swiss"]
[EventRounds "9"]
[EventCountry "GER"]
[SourceTitle "EXT 2020"]
[Source "ChessBase"]
[SourceDate "2019.10.17"]
[SourceVersion "1"]
[SourceVersionDate "2019.10.17"]
[SourceQuality "1"]

1. Nf3 Nf6 2. c4 c5 3. b3 g6 4. Bb2 Bg7 5. g3 d6 6. Bg2 Nc6 7. 0-0 0-0 8. d3 Bd7 9. Nbd2 a6 10. Qc2 b5 11. a3 Qb6 12. Rfb1 b4 13. a4 a5 14. Ng5 Rac8 15. e3 Bf5 16. Bh3 Bxh3 17. Nxh3 Rfd8 18. Rd1 d5 19. cxd5 Nxd5 20. Bxg7 Kxg7 21. Nc4 Qa7 22. Rd2 Nc3 23. Nf4 Rd7 24. Ne2 Nxe2+ 25. Rxe2 Rcd8 26. Rd1 Qc7 27. Red2 Ne5 28. Qb2 f6 29. Nxe5 Qxe5 30. Qxe5 fxe5 31. Kf1 e4 32. Ke2 Kf6 33. dxe4 Rxd2+ 34. Rxd2 Rxd2+ 35. Kxd2 Ke5 36. Kd3 Kd6 37. f4 e6 38. e5+ Kd5 39. e4+ Kc6 40. Kc4 h5 41. h3 Kb6 42. g4 Kc6 43. f5 hxg4 44. hxg4 g5 45. f6 Kd7 46. Kxc5 1-0

[Event "Hofheim Spring op-B 6th"]
[Site "Hofheim"]
[Date "2018.04.04"]
[Round "3"]
[White "Spinnler, Wolfgang"]
[Black "Varsha, Ramesh"]
[Result "0-1"]
[WhiteElo "1586"]
[BlackElo "1334"]
[PlyCount "106"]
[EventDate "2018.04.03"]
[EventType "swiss"]
[EventRounds "9"]
[EventCountry "GER"]
[SourceTitle "EXT 2020"]
[Source "ChessBase"]
[SourceDate "2019.10.17"]
[SourceVersion "1"]
[SourceVersionDate "2019.10.17"]
[SourceQuality "1"]

1. Nf3 Nf6 2. c4 e6 3. b3 Be7 4. g3 0-0 5. Bg2 Nc6 6. Bb2 b6 7. 0-0 Bb7 8. d3 d5 9. cxd5 exd5 10. Nbd2 Nb4 11. a3 Na6 12. Rc1 c5 13. d4 Rc8 14. e3 Nc7 15. dxc5 bxc5 16. Nh4 Nd7 17. Nhf3 Ne6 18. Re1 Nf6 19. Nb1 Qb6 20. Nc3 Rfd8 21. Na4 Qd6 22. Be5 Qd7 23. Bb2 Bc6 24. Ne5 Qb7 25. Nxc6 Qxc6 26. Nc3 Qd6 27. Re2 d4 28. Rd2 Qb8 29. Ne2 dxe3 30. fxe3 Rxd2 31. Qxd2 Qxb3 32. Qc3 Qxc3 33. Rxc3 Rb8 34. Rc2 Ng4 35. e4 Ne3 36. Rd2 Nc4 37. Rd7 Rxb2 38. Rxe7 Rxe2 39. Re8+ Nf8 40. Bf1 Rc2 41. Ra8 Nxa3 42. Rxa7 Nc4 43. Bh3 Ne5 44. Bg2 g6 45. Re7 Ne6 46. h4 Kf8 47. Ra7 c4 48. Ra5 c3 49. Ra8+ Kg7 50. Rc8 Nd4 51. Rc5 Rc1+ 52. Kh2 c2 53. Kh3 Rd1 0-1

[Event "GER-chB Seniors 28th"]
[Site "Niederhausen"]
[Date "2016.08.21"]
[Round "9"]
[White "Van Houten, Henk"]
[Black "Spinnler, Wolfgang"]
[Result "0-1"]
[WhiteElo "1669"]
[BlackElo "1637"]
[PlyCount "51"]
[EventDate "2016.08.13"]
[EventType "swiss"]
[EventRounds "9"]
[EventCountry "GER"]
[SourceTitle "EXT 2019"]
[Source "ChessBase"]
[SourceDate "2018.10.10"]
[SourceVersion "1"]
[SourceVersionDate "2018.10.10"]
[SourceQuality "1"]

1. b3 Nf6 2. Bb2 c5 3. e3 e6 4. Nf3 Be7 5. d4 b6 6. Nbd2 Bb7 7. c4 d6 8. Bd3 Nbd7 9. 0-0 0-0 10. Qc2 h6 11. Rae1 d5 12. a4 Rc8 13. Qb1 cxd4 14. exd4 Bb4 15. Re2 Qc7 16. cxd5 Bxd5 17. Rc1 Qb7 18. Rxc8 Rxc8 19. Qf1 Qb8 20. Bc4 Qa8 21. Bxd5 Nxd5 22. Ne4 N7f6 23. Nxf6+ Nxf6 24. Ne5 Qd5 25. Qd1 Rd8 26. Nc4 0-1

[Event "GER-chB Seniors 28th"]
[Site "Niederhausen"]
[Date "2016.08.14"]
[Round "2"]
[White "Spinnler, Wolfgang"]
[Black "Sefeloge, Michael"]
[Result "1/2-1/2"]
[WhiteElo "1637"]
[BlackElo "1846"]
[PlyCount "49"]
[EventDate "2016.08.13"]
[EventType "swiss"]
[EventRounds "9"]
[EventCountry "GER"]
[SourceTitle "EXT 2019"]
[Source "ChessBase"]
[SourceDate "2018.10.10"]
[SourceVersion "1"]
[SourceVersionDate "2018.10.10"]
[SourceQuality "1"]

1. Nf3 d5 2. g3 Nf6 3. Bg2 e6 4. b3 Be7 5. Bb2 c5 6. 0-0 0-0 7. d3 b6 8. c4 Bb7 9. cxd5 exd5 10. Nbd2 Nc6 11. a3 Re8 12. Ne5 Nxe5 13. Bxe5 Nd7 14. Bb2 Bf6 15. Bxf6 Nxf6 16. Nf3 Qe7 17. Re1 Rad8 18. e3 Rd6 19. Nh4 Bc8 20. Qd2 h6 21. h3 g5 22. Nf3 Re6 23. Nh2 Nh5 24. Bxd5 Rd6 25. Bg2 1/2-1/2

[Event "GER-chB Seniors 28th"]
[Site "Niederhausen"]
[Date "2016.08.13"]
[Round "1"]
[White "Bill, Eugen"]
[Black "Spinnler, Wolfgang"]
[Result "1-0"]
[WhiteElo "1827"]
[BlackElo "1637"]
[PlyCount "101"]
[EventDate "2016.08.13"]
[EventType "swiss"]
[EventRounds "9"]
[EventCountry "GER"]
[SourceTitle "EXT 2019"]
[Source "ChessBase"]
[SourceDate "2018.10.10"]
[SourceVersion "1"]
[SourceVersionDate "2018.10.10"]
[SourceQuality "1"]

1. d4 d6 2. Nf3 Nf6 3. c4 b6 4. g3 Bb7 5. Bg2 e6 6. e3 Be7 7. 0-0 0-0 8. Nc3 Nbd7 9. Qc2 Rc8 10. b3 a6 11. Re1 Re8 12. e4 c5 13. e5 Ng4 14. exd6 Bxd6 15. Ng5 Ngf6 16. Bxb7 Rb8 17. Nce4 Qc7 18. Nxd6 Qxd6 19. Bf4 e5 20. dxe5 Nxe5 21. Rad1 Qc7 22. Bg2 h6 23. Ne4 Nxe4 24. Bxe5 Rxe5 25. Rxe4 Rg5 26. Rde1 g6 27. Re8+ Rxe8 28. Rxe8+ Kg7 29. Qc3+ f6 30. Bd5 Re5 31. Rxe5 fxe5 32. Qe3 Qd6 33. Kg2 b5 34. Qf3 h5 35. h4 Qe7 36. Qe4 Qf6 37. Qf3 Qe7 38. cxb5 axb5 39. Bc6 b4 40. Qd5 Kh6 41. Qd2+ g5 42. Qxg5+ Qxg5 43. hxg5+ Kxg5 44. f3 h4 45. gxh4+ Kxh4 46. Kf2 Kg5 47. Ke3 Kf5 48. Bd7+ Kf6 49. Ke4 Ke7 50. Kxe5 Kxd7 51. Kd5 1-0

[Event "Pyramiden Franken Cup"]
[Site "Fuerth"]
[Date "2015.09.04"]
[Round "2"]
[White "Spinnler, Wolfgang"]
[Black "Li, Simon"]
[Result "1/2-1/2"]
[WhiteElo "1650"]
[BlackElo "2013"]
[PlyCount "63"]
[EventDate "2015.09.03"]
[EventType "swiss"]
[EventRounds "7"]
[EventCountry "GER"]
[SourceTitle "EXT 2016"]
[Source "ChessBase"]
[SourceDate "2015.10.08"]
[SourceVersion "1"]
[SourceVersionDate "2015.10.08"]
[SourceQuality "1"]

1. Nf3 c5 2. c4 Nf6 3. g3 d5 4. b3 Nc6 5. Bb2 d4 6. d3 e5 7. Bg2 Bd6 8. 0-0 0-0 9. Re1 Bf5 10. Nh4 Bg6 11. Nd2 Qd7 12. Nxg6 fxg6 13. Ne4 Kh8 14. Ba3 Nxe4 15. Bxe4 Rf6 16. Bc1 Raf8 17. Rf1 Qf7 18. f3 h6 19. Bd5 Qd7 20. Kg2 g5 21. Bd2 g4 22. Rf2 Ne7 23. Be4 Nf5 24. Qc2 Qf7 25. Rh1 Qg6 26. Qc1 gxf3+ 27. exf3 Qf7 28. Bd5 Qd7 29. Be4 b6 30. h4 a5 31. g4 Ne7 32. g5 1/2-1/2

[Event "Pyramiden Franken Cup"]
[Site "Fuerth"]
[Date "2015.09.03"]
[Round "1"]
[White "Krauss, Josef"]
[Black "Spinnler, Wolfgang"]
[Result "1-0"]
[WhiteElo "2098"]
[BlackElo "1650"]
[PlyCount "95"]
[EventDate "2015.09.03"]
[EventType "swiss"]
[EventRounds "7"]
[EventCountry "GER"]
[SourceTitle "EXT 2016"]
[Source "ChessBase"]
[SourceDate "2015.10.08"]
[SourceVersion "1"]
[SourceVersionDate "2015.10.08"]
[SourceQuality "1"]

1. e4 d5 2. exd5 Qxd5 3. Nc3 Qd6 4. d4 Nf6 5. Nf3 a6 6. g3 Bg4 7. Bg2 c6 8. 0-0 e6 9. Bf4 Qd8 10. h3 Bxf3 11. Bxf3 Bd6 12. Be5 Bxe5 13. dxe5 Nd5 14. Ne4 0-0 15. c4 Ne7 16. Bg2 Qc7 17. Qd6 Qxd6 18. exd6 Nf5 19. Rfd1 Nd7 20. b4 Rab8 21. c5 Nh6 22. Rdc1 Nf5 23. Rd1 Nh6 24. Rab1 Rfd8 25. g4 Kf8 26. Rdc1 Ng8 27. g5 g6 28. a4 f5 29. Nd2 h6 30. h4 hxg5 31. hxg5 e5 32. Rc3 e4 33. f3 exf3 34. Nxf3 Re8 35. Nd4 Re5 36. Bxc6 Ke8 37. Bg2 Nf8 38. b5 axb5 39. Rxb5 Re1+ 40. Kf2 Rd1 41. Ne2 Ne6 42. Bxb7 Kd8 43. Bg2 Rxb5 44. axb5 Nxg5 45. c6 Ne4+ 46. Bxe4 fxe4 47. c7+ Kc8 48. b6 1-0

[Event "Karl Mala Memorial op-B 17th"]
[Site "Frankfurt"]
[Date "2014.08.02"]
[Round "5"]
[White "Krastev, Ivan"]
[Black "Spinnler, Wolfgang"]
[Result "1/2-1/2"]
[WhiteElo "1446"]
[BlackElo "1677"]
[PlyCount "71"]
[EventDate "2014.07.31"]
[EventType "swiss"]
[EventRounds "7"]
[EventCountry "GER"]
[SourceTitle "EXT 2015"]
[Source "ChessBase"]
[SourceDate "2014.11.20"]
[SourceVersion "1"]
[SourceVersionDate "2014.11.20"]
[SourceQuality "1"]

1. e4 d5 2. exd5 Qxd5 3. Nc3 Qd6 4. d4 Nf6 5. Nge2 a6 6. Bf4 Qd8 7. Qd3 e6 8. 0-0-0 c6 9. Ne4 Nbd7 10. Nd6+ Bxd6 11. Bxd6 Nb6 12. Ba3 Nbd5 13. Nc3 Ne7 14. Ne4 Nxe4 15. Qxe4 0-0 16. Bd3 g6 17. h4 Re8 18. h5 Qd5 19. Qh4 g5 20. Qg3 f6 21. c4 Nf5 22. cxd5 Nxg3 23. dxe6 Nxh1 24. Rxh1 Bxe6 25. b3 Bd5 26. f3 Re3 27. Kd2 Ree8 28. Bc5 h6 29. Bb6 Re7 30. Bc5 Re6 31. Rf1 Kg7 32. Bb6 Re7 33. Bc5 Re6 34. Bb6 Re7 35. Bc5 Rc7 36. Bg6 1/2-1/2

[Event "Karl Mala Memorial op-B 17th"]
[Site "Frankfurt"]
[Date "2014.08.02"]
[Round "4"]
[White "Spinnler, Wolfgang"]
[Black "Schneider, Kevin"]
[Result "1-0"]
[WhiteElo "1677"]
[BlackElo "994"]
[PlyCount "127"]
[EventDate "2014.07.31"]
[EventType "swiss"]
[EventRounds "7"]
[EventCountry "GER"]
[SourceTitle "EXT 2015"]
[Source "ChessBase"]
[SourceDate "2014.11.20"]
[SourceVersion "1"]
[SourceVersionDate "2014.11.20"]
[SourceQuality "1"]

1. Nf3 Nc6 2. g3 Nf6 3. c4 e5 4. d3 Bb4+ 5. Nbd2 0-0 6. a3 Be7 7. Bg2 d6 8. b4 a6 9. 0-0 Rb8 10. Qc2 Bg4 11. Nb3 Qd7 12. Re1 Na7 13. Be3 b6 14. c5 Nd5 15. Bd2 Nf6 16. Be3 Nd5 17. Bd2 Nf6 18. cxd6 cxd6 19. e4 Rfc8 20. Qb2 Bxf3 21. Bxf3 Qe6 22. Rec1 Nc6 23. Be3 Ng4 24. Bxg4 Qxg4 25. Nd2 b5 26. Nb3 h6 27. Rc2 Qd7 28. Rcc1 Bd8 29. d4 exd4 30. Bxd4 Nxd4 31. Nxd4 Rxc1+ 32. Rxc1 Bf6 33. Qd2 Bxd4 34. Qxd4 Rb7 35. Rd1 Qc6 36. Qxd6 Qxd6 37. Rxd6 Ra7 38. Kf1 a5 39. Rb6 axb4 40. axb4 Ra2 41. Rxb5 Kf8 42. Rb7 Rb2 43. Kg2 g5 44. h3 h5 45. Rb5 f6 46. e5 Kf7 47. exf6 Kxf6 48. Rb6+ Kf5 49. Rh6 h4 50. gxh4 g4 51. hxg4+ Kxg4 52. Rb6 Rb3 53. Rb8 Kxh4 54. b5 Kg5 55. b6 Kf6 56. f3 Rb2+ 57. Kg3 Rb3 58. b7 Kf7 59. Kg4 Rb4+ 60. f4 Rb5 61. Rh8 Kg7 62. Rb8 Kh7 63. Kf3 Rb3+ 64. Ke4 1-0

[Event "Rheinland Pfalz op 6th"]
[Site "Gau Algesheim"]
[Date "2014.06.22"]
[Round "7"]
[White "Spinnler, Wolfgang"]
[Black "Boerkey, Luis"]
[Result "1-0"]
[WhiteElo "1678"]
[BlackElo "1010"]
[PlyCount "159"]
[EventDate "2014.06.19"]
[EventType "swiss"]
[EventRounds "7"]
[EventCountry "GER"]
[SourceTitle "CBM 161 Extra"]
[Source "ChessBase"]
[SourceDate "2014.08.29"]
[SourceVersion "1"]
[SourceVersionDate "2014.08.29"]
[SourceQuality "1"]

1. c4 e5 2. g3 Nf6 3. Bg2 Nc6 4. d3 d5 5. b3 Bc5 6. Ba3 Bxa3 7. Nxa3 a6 8. Nc2 0-0 9. Nf3 Ne7 10. 0-0 c6 11. cxd5 Qxd5 12. Ne3 Qe6 13. Ng5 Qd7 14. Nc4 Qc7 15. Qd2 Ng6 16. Qb2 Re8 17. Rfe1 h6 18. Nf3 Nd5 19. a3 f6 20. h3 Nb6 21. Nfd2 Bf5 22. Ne3 Be6 23. Rec1 Rad8 24. Kh2 Kh8 25. a4 a5 26. b4 Ra8 27. b5 c5 28. Ne4 Nd7 29. Qc2 Rac8 30. Nc4 Bxc4 31. Qxc4 b6 32. Nd2 Ne7 33. Qf7 Nf5 34. Bc6 Rcd8 35. Be4 Nd6 36. Qg6 Nxe4 37. Qxe4 Nf8 38. Nc4 Ne6 39. Ra2 Qa7 40. Ne3 Qd7 41. Nc4 Rb8 42. Rac2 Qd4 43. e3 Qxe4 44. dxe4 Red8 45. Rd2 Kg8 46. f3 Kf8 47. Rd5 Ke7 48. Rcd1 g6 49. Kg2 Kf7 50. Rd6 Rxd6 51. Rxd6 g5 52. Rxb6 Rxb6 53. Nxb6 Nd8 54. Nc4 Nb7 55. Kf2 Ke6 56. g4 Kf7 57. Kg3 Kg6 58. f4 gxf4+ 59. exf4 exf4+ 60. Kxf4 Kg7 61. Kf5 Kf7 62. e5 fxe5 63. Kxe5 Kg6 64. Kf4 Kf6 65. h4 Ke6 66. Ke4 Nd6+ 67. Nxd6 Kxd6 68. g5 hxg5 69. hxg5 c4 70. Kd4 c3 71. Kxc3 Ke5 72. b6 Kd6 73. g6 Kc6 74. g7 Kxb6 75. g8Q Ka6 76. Kc4 Ka7 77. Kb5 Kb7 78. Qf7+ Ka8 79. Kb6 Kb8 80. Qb7# 1-0

[Event "Wiesbaden op 25th"]
[Site "Wiesbaden"]
[Date "2013.08.24"]
[Round "4"]
[White "Spinnler, Wolfgang"]
[Black "Paschmann, Stefan"]
[Result "1/2-1/2"]
[WhiteElo "1683"]
[BlackElo "1886"]
[PlyCount "37"]
[EventDate "2013.08.22"]
[EventType "swiss"]
[EventRounds "7"]
[EventCountry "GER"]
[SourceTitle "EXT 2014"]
[Source "ChessBase"]
[SourceDate "2013.11.20"]
[SourceVersion "1"]
[SourceVersionDate "2013.11.20"]
[SourceQuality "1"]

1. d4 d5 2. c4 c6 3. cxd5 cxd5 4. Nc3 Nf6 5. Bg5 e6 6. a3 Be7 7. e3 0-0 8. Bd3 Nbd7 9. Nge2 Nh5 10. Bxe7 Qxe7 11. Ng3 Nhf6 12. 0-0 b6 13. Qd2 Bb7 14. Rae1 Rad8 15. Qc2 g6 16. Kh1 Rc8 17. f3 Qd6 18. Qf2 h5 19. Nb5 1/2-1/2

[Event "Wiesbaden op 25th"]
[Site "Wiesbaden"]
[Date "2013.08.22"]
[Round "1"]
[White "Spinnler, Wolfgang"]
[Black "Stabernack, Joschi"]
[Result "0-1"]
[WhiteElo "1683"]
[BlackElo "2041"]
[PlyCount "84"]
[EventDate "2013.08.22"]
[EventType "swiss"]
[EventRounds "7"]
[EventCountry "GER"]
[SourceTitle "EXT 2014"]
[Source "ChessBase"]
[SourceDate "2013.11.20"]
[SourceVersion "1"]
[SourceVersionDate "2013.11.20"]
[SourceQuality "1"]

1. d4 Nf6 2. c4 g6 3. Nc3 Bg7 4. e4 d6 5. f3 0-0 6. Be3 a6 7. Bd3 Nbd7 8. Nge2 c5 9. d5 Ne5 10. Qd2 Qa5 11. 0-0 Nfd7 12. Rab1 Nxd3 13. Qxd3 Ne5 14. Qc2 Nxc4 15. Bg5 Qc7 16. Qc1 b5 17. Bh6 Bd7 18. Bxg7 Kxg7 19. b3 Ne5 20. f4 Ng4 21. f5 Ne5 22. Qf4 f6 23. Rbd1 c4 24. b4 a5 25. a3 axb4 26. axb4 Ra3 27. Ra1 Qa7+ 28. Qf2 Rxa1 29. Qxa7 Rxa7 30. Nd4 Rb8 31. Rb1 Ra3 32. Nce2 g5 33. Nc2 Ra2 34. Ned4 Rba8 35. h3 h5 36. Kh2 Nd3 37. Kg3 Rb2 38. Rxb2 Nxb2 39. Nc6 Bxc6 40. dxc6 Rc8 41. Nd4 Kf7 42. Kf3 Nd3 0-1

[Event "Gau Algesheim op 1st"]
[Site "Gau Algesheim"]
[Date "2013.08.18"]
[Round "5"]
[White "Erlekam, Simon"]
[Black "Spinnler, Wolfgang"]
[Result "1/2-1/2"]
[WhiteElo "1791"]
[BlackElo "1683"]
[PlyCount "58"]
[EventDate "2013.08.16"]
[EventType "swiss"]
[EventRounds "5"]
[EventCountry "GER"]
[SourceTitle "EXT 2015"]
[Source "ChessBase"]
[SourceDate "2014.11.20"]
[SourceVersion "1"]
[SourceVersionDate "2014.11.20"]
[SourceQuality "1"]

1. e4 d5 2. exd5 Qxd5 3. Nc3 Qd6 4. Nf3 e6 5. d4 a6 6. Bc4 Nf6 7. 0-0 b5 8. Bd3 Bb7 9. Be3 Be7 10. Qd2 Bxf3 11. gxf3 Nbd7 12. Ne4 Nxe4 13. fxe4 c5 14. c3 cxd4 15. cxd4 f6 16. Be2 0-0 17. Bf3 Rac8 18. Rac1 Nb6 19. b3 Rxc1 20. Rxc1 Nd7 21. Qc3 Rd8 22. Qc6 Nb8 23. Qxd6 Bxd6 24. Bg4 Kf7 25. d5 exd5 26. exd5 g6 27. Be6+ Ke7 28. Bb6 Rh8 29. Kf1 Bxh2 1/2-1/2

[Event "Gau Algesheim op 1st"]
[Site "Gau Algesheim"]
[Date "2013.08.18"]
[Round "4"]
[White "Spinnler, Wolfgang"]
[Black "Grieb, Lukas"]
[Result "1/2-1/2"]
[WhiteElo "1683"]
[BlackElo "1599"]
[PlyCount "24"]
[EventDate "2013.08.16"]
[EventType "swiss"]
[EventRounds "5"]
[EventCountry "GER"]
[SourceTitle "EXT 2015"]
[Source "ChessBase"]
[SourceDate "2014.11.20"]
[SourceVersion "1"]
[SourceVersionDate "2014.11.20"]
[SourceQuality "1"]

1. d4 d5 2. c4 e6 3. cxd5 exd5 4. a3 Bd6 5. Nc3 Nf6 6. Bg5 c6 7. e3 Bf5 8. Nf3 Nbd7 9. Be2 Qb6 10. Qc1 0-0 11. 0-0 Bg4 12. h3 Bh5 1/2-1/2

[Event "Rheinland Pfalz op 5th"]
[Site "Worms"]
[Date "2013.06.01"]
[Round "5"]
[White "Spinnler, Wolfgang"]
[Black "Marhoefer, Daniel"]
[Result "0-1"]
[WhiteElo "1689"]
[BlackElo "1397"]
[PlyCount "43"]
[EventDate "2013.05.30"]
[EventType "swiss"]
[EventRounds "7"]
[EventCountry "GER"]
[SourceTitle "EXT 2014"]
[Source "ChessBase"]
[SourceDate "2013.11.20"]
[SourceVersion "1"]
[SourceVersionDate "2013.11.20"]
[SourceQuality "1"]

1. d4 Nf6 2. c4 e5 3. dxe5 Ng4 4. Qd5 Nc6 5. Nf3 Bb4+ 6. Nc3 Bxc3+ 7. bxc3 Qe7 8. Bf4 h5 9. h3 Nh6 10. e3 b6 11. Be2 Bb7 12. 0-0 Na5 13. Qd4 Nf5 14. Qd3 g6 15. Bg5 Qc5 16. Bf6 Rg8 17. Rfd1 Bc6 18. Nd4 Nxd4 19. cxd4 Qb4 20. Rdb1 Qf8 21. d5 Bb7 22. Qa3 0-1

[Event "Hofheim Spring op-B 1st"]
[Site "Hofheim"]
[Date "2013.04.08"]
[Round "9"]
[White "Kuenitz, Klaus"]
[Black "Spinnler, Wolfgang"]
[Result "0-1"]
[WhiteElo "1600"]
[BlackElo "1722"]
[PlyCount "74"]
[EventDate "2013.04.02"]
[EventType "swiss"]
[EventRounds "9"]
[EventCountry "GER"]
[SourceTitle "EXT 2018"]
[Source "ChessBase"]
[SourceDate "2017.10.13"]
[SourceVersion "1"]
[SourceVersionDate "2017.10.13"]
[SourceQuality "1"]

1. d4 Nf6 2. c4 e6 3. Nf3 b6 4. Nc3 Bb7 5. Qc2 Be7 6. e4 d6 7. Bg5 h6 8. Bh4 Nfd7 9. Bg3 a6 10. Bd3 Nc6 11. a3 Na7 12. 0-0 0-0 13. b4 Nf6 14. Rac1 Nh5 15. e5 Nxg3 16. fxg3 Rc8 17. Ne4 d5 18. cxd5 Bxd5 19. Nc3 c6 20. Bh7+ Kh8 21. Be4 Qd7 22. Nh4 Bg5 23. Rcd1 Qd8 24. Nf3 Be7 25. Rf2 Qc7 26. Rdf1 c5 27. Bxd5 cxb4 28. Be4 Qxc3 29. Qxc3 Rxc3 30. axb4 Bxb4 31. Nh4 Kg8 32. h3 Rc7 33. Kh2 Nb5 34. d5 exd5 35. Bxd5 Bc5 36. Ra2 a5 37. e6 Nd6 0-1

[Event "Hofheim Spring op-B 1st"]
[Site "Hofheim"]
[Date "2013.04.04"]
[Round "4"]
[White "Spinnler, Wolfgang"]
[Black "Dyga, Ryszard Adam"]
[Result "1/2-1/2"]
[WhiteElo "1722"]
[BlackElo "1576"]
[PlyCount "63"]
[EventDate "2013.04.02"]
[EventType "swiss"]
[EventRounds "9"]
[EventCountry "GER"]
[SourceTitle "EXT 2018"]
[Source "ChessBase"]
[SourceDate "2017.10.13"]
[SourceVersion "1"]
[SourceVersionDate "2017.10.13"]
[SourceQuality "1"]

1. d4 d5 2. c4 c6 3. cxd5 cxd5 4. Nc3 Nf6 5. Bf4 Nc6 6. e3 a6 7. Bd3 e6 8. a3 Bd6 9. Bxd6 Qxd6 10. Nge2 e5 11. dxe5 Nxe5 12. Bc2 Qd8 13. h3 0-0 14. Nd4 Nc4 15. b4 Qc7 16. Na4 Qe7 17. 0-0 Bd7 18. Ra2 Rab8 19. Qd3 Qe5 20. Qe2 Rfe8 21. Rd1 Qg5 22. Nf3 Qh5 23. Nd4 Qe5 24. Nb2 Nxb2 25. Rxb2 b5 26. Bb3 Rbc8 27. Rc2 Rxc2 28. Bxc2 Rc8 29. Rc1 g6 30. Qf3 Qc7 31. Nb3 Qc3 32. Qd1 1/2-1/2